00538nab a2200157 uc450000100070000000500170000700800410002403500110006503500210007604000130009704100080011010000280011824500460014660000330019277301550022554871020240419085738.0990920e19961201 spa  a548710 a(OCoLC)819811133 ccomduadb aspa10aDenis, Gillrs4auteaut10aGalileo y las enfermedades de las plantas14aGalilei, Galileo,d1564-16420 tHistoria y Sociedad (Medellín)gNúmero 03, Diciembre 1996, Historia y Sociedad (Medellin) - No. 03, Dic. 1996, p. 7-15w1191880x0121-84170541904